Southville International School and Colleges
Your cart is empty.
  • Cart
  • Lists
    Public lists Eva Luna New books Lux_list list_1
    Your lists Log in to create your own lists
  • Log in to your account
  • Your cookies
  • Search history
Southville International School and Colleges
  • Advanced search
  • Recent comments
  • Most popular
  • Libraries

Log in to your account

Log in with GOOGLE


If you do not have an external account, but do have a local account, you can still log in:

  1. Home
  2. MARC view: Worktext in basic accounting (service/merchandising) /
Normal view MARC view ISBD view

Worktext in basic accounting (service/merchandising) / (Record no. 18660)

[ view plain ]
MARC details
000 -LEADER
fixed length control field 00520nam a22001817a 4500
003 - CONTROL NUMBER IDENTIFIER
control field OSt
005 - DATE AND TIME OF LATEST TRANSACTION
control field 20140310183051.0
008 - FIXED-LENGTH DATA ELEMENTS--GENERAL INFORMATION
fixed length control field 130228t xxu||||| |||| 00| 0 eng d
020 ## - INTERNATIONAL STANDARD BOOK NUMBER
International Standard Book Number 9789712353062
050 ## - LIBRARY OF CONGRESS CALL NUMBER
Classification number HF 5635
Item number .M113 2009
100 ## - MAIN ENTRY--PERSONAL NAME
Personal name Macapilit, Cecilia Hugo.
245 ## - TITLE STATEMENT
Title Worktext in basic accounting (service/merchandising) /
Statement of responsibility, etc Cecilia Hugo Macapilit
260 ## - PUBLICATION, DISTRIBUTION, ETC. (IMPRINT)
Place of publication, distribution, etc Manila :
Name of publisher, distributor, etc Rex Book Store,
Date of publication, distribution, etc 2009.
300 ## - PHYSICAL DESCRIPTION
Extent 324 p. :
Dimensions 25 cm.
Other physical details ill. ;
521 ## - TARGET AUDIENCE NOTE
Target audience note
942 ## - ADDED ENTRY ELEMENTS (KOHA)
Source of classification or shelving scheme Library of Congress Classification
Koha item type Books
Call number prefix Local

No items available.

Worktext in basic accounting (service/merchandising) /

APA

Macapilit C. H., . (2009). Worktext in basic accounting (service/merchandising). Manila: Rex Book Store.

Chicago

Macapilit Cecilia Hugo, . 2009. Worktext in basic accounting (service/merchandising). Manila: Rex Book Store.

Harvard

Macapilit C. H., . (2009). Worktext in basic accounting (service/merchandising). Manila: Rex Book Store.

MLA

Macapilit Cecilia Hugo, . Worktext in basic accounting (service/merchandising). Manila: Rex Book Store. 2009.

  • Print
  • Cite
  • Add to your cart (remove)
  • Save record
    BIBTEX Dublin Core MARCXML MARC (non-Unicode/MARC-8) MARC (Unicode/UTF-8) MARC (Unicode/UTF-8, Standard) MODS (XML) RIS
  • More searches
    Search for this title in:
    Other Libraries (WorldCat) Other Databases (Google Scholar) Online Stores (Bookfinder.com) Open Library (openlibrary.org)

Exporting to Dublin Core...

SOUTHVILLE LIBRARY

Southville International School and Colleges Library

1281 Tropical Ave. Cor. Luxembourg St., BF Homes International, Las Pinas City

Tel. No. 8256374 / 252358 Loc. 117/146

Powered by Koha